My best / (Record no. 1835)

MARC details
000 -LEADER
fixed length control field 01917cam a22003977i 4500
001 - CONTROL NUMBER
control field data
005 - DATE AND TIME OF LATEST TRANSACTION
control field 20260322212120.0
008 - FIXED-LENGTH DATA ELEMENTS--GENERAL INFORMATION
fixed length control field data
035 ## - SYSTEM CONTROL NUMBER
System control number 18556204
010 ## - LIBRARY OF CONGRESS CONTROL NUMBER
LC control number 2014453536
020 ## - INTERNATIONAL STANDARD BOOK NUMBER
International Standard Book Number 2841237265
020 ## - INTERNATIONAL STANDARD BOOK NUMBER
International Standard Book Number 9782841237265
035 ## - SYSTEM CONTROL NUMBER
System control number (OCoLC)898697818
040 ## - CATALOGING SOURCE
Original cataloging agency CNEDM
Language of cataloging eng
Transcribing agency CNEDM
Description conventions rda
Modifying agency DLC
-- BTCTA
-- BDX
-- B@L
-- CLE
-- OCLCO
-- UOK
-- OCLCF
-- DLC
042 ## - AUTHENTICATION CODE
Authentication code lccopycat
050 00 - LIBRARY OF CONGRESS CALL NUMBER
Classification number TX747
Item number .R586 2014
082 04 - DEWEY DECIMAL CLASSIFICATION NUMBER
Classification number 641.5
Edition information 23
100 1# - MAIN ENTRY--PERSONAL NAME
Personal name Ripert, Eric,
Relator term author.
245 10 - TITLE STATEMENT
Title My best /
Statement of responsibility, etc. Eric Ripert.
264 #1 - PRODUCTION, PUBLICATION, DISTRIBUTION, MANUFACTURE, AND COPYRIGHT NOTICE
Place of production, publication, distribution, manufacture Issy-les-Moulineaux [France] :
Name of producer, publisher, distributor, manufacturer Alain Ducasse Publishing,
Date of production, publication, distribution, manufacture, or copyright notice ©2014.
300 ## - PHYSICAL DESCRIPTION
Extent 102 pages :
Other physical details illustrations (chiefly color) ;
Dimensions 25 cm
336 ## - CONTENT TYPE
Content type term text
Content type code txt
Source rdacontent
337 ## - MEDIA TYPE
Media type term unmediated
Media type code n
Source rdamedia
338 ## - CARRIER TYPE
Carrier type term volume
Carrier type code nc
Source rdacarrier
500 ## - GENERAL NOTE
General note Includes index.
520 ## - SUMMARY, ETC.
Summary, etc. Alain Ducasse. Eric Ripert. Daniel Boulud. Pierre Hermé. These are among the world's most celebrated chefs, the luminaries who changed the landscape of fine dining. Here are the dishes of their careers, the distinctive plates that made them household names. From Ducasse's famous vegetable "cookpot" and Hermé's ispahan to Ripert's bluefin tuna and Boulud's sea bass, each volume in My 10 Best offers a master's career-defining 10 recipes, complete with step-by-step, illustrated directions designed for the home cook.
650 #0 - SUBJECT ADDED ENTRY--TOPICAL TERM
Topical term or geographic name entry element Cooking (Fish)
650 #0 - SUBJECT ADDED ENTRY--TOPICAL TERM
Topical term or geographic name entry element Cooking.
650 #7 - SUBJECT ADDED ENTRY--TOPICAL TERM
Topical term or geographic name entry element Cooking.
Source of heading or term fast
Authority record control number or standard number (OCoLC)fst01754966
650 #7 - SUBJECT ADDED ENTRY--TOPICAL TERM
Topical term or geographic name entry element Cooking (Fish)
Source of heading or term fast
Authority record control number or standard number (OCoLC)fst01753100
856 42 - ELECTRONIC LOCATION AND ACCESS
Materials specified Contributor biographical information
Uniform Resource Identifier <a href="http://www.loc.gov/catdir/enhancements/fy1511/2014453536-b.html">http://www.loc.gov/catdir/enhancements/fy1511/2014453536-b.html</a>
856 42 - ELECTRONIC LOCATION AND ACCESS
Materials specified Publisher description
Uniform Resource Identifier <a href="http://www.loc.gov/catdir/enhancements/fy1511/2014453536-d.html">http://www.loc.gov/catdir/enhancements/fy1511/2014453536-d.html</a>
906 ## - LOCAL DATA ELEMENT F, LDF (RLIN)
a 7
b cbc
c copycat
d 2
e ncip
f 20
g y-gencatlg
925 0# -
-- acquire
-- 1 shelf copy
-- policy default
Holdings
Withdrawn status Lost status Damaged status Not for loan Home library Current library Shelving location Date acquired Total checkouts Full call number Barcode Date last seen Price effective from Koha item type
        Centerville Centerville General stacks 22/03/2026   641.5 LOC-CPL-00003 22/03/2026 22/03/2026 Books